000 00544nam a2200217Ia 4500
003 OSt
005 20220924132128.0
006 a|||||r|||| 00| 0
007 ta
008 220923b |||||||| |||| 00| 0 san d
024 _a17259
037 _cTextual
040 _aARTS
_cARTS
_bsan
041 _2san
_asan
082 _aQ25:23, 15F9-;1
245 0 _aMahnirvana tantram tr into Hindi by Baldeo Prasad Misra
260 _c1929
650 _aRELIGION
942 _hQ25:23, 15F9-;1
_cTEXL
_2CC
999 _c429379
_d429379